|
|
|
|
| LEADER |
01216nam a22003137a 4500 |
| 001 |
37669 |
| 003 |
BD-DhAAL |
| 005 |
20220210155140.0 |
| 008 |
220210t19741975nyua b 001 0 eng d |
| 999 |
|
|
|c 43484
|d 43484
|
| 010 |
|
|
|a 74022135
|
| 020 |
|
|
|a 0030019214 :
|c $4.50
|
| 040 |
|
|
|a DLC
|c DLC
|d DLC
|d BD-DhAAL
|
| 043 |
|
|
|a n-us---
|
| 050 |
0 |
0 |
|a LB1775
|b .P74
|
| 082 |
0 |
0 |
|a 371.10023
|
| 100 |
1 |
|
|a Proefriedt, William A.
|9 45677
|
| 245 |
1 |
4 |
|a The teacher you choose to be /
|c William A. Proefriedt.
|
| 260 |
|
|
|a New York :
|b Holt, Rinehart and Winston,
|c [1974] c1975.
|
| 300 |
|
|
|a viii, 216 pages :
|b illustrations ;
|c 21 cm.
|
| 504 |
|
|
|a Includes bibliographical references (pages 207-209) and index.
|
| 526 |
|
|
|a BIED
|
| 541 |
|
|
|a Complimentary copy from BIED
|e 37669
|
| 650 |
|
0 |
|a Teaching
|x Vocational guidance
|z United States.
|9 45678
|
| 650 |
|
0 |
|a Teachers
|z United States.
|9 45679
|
| 650 |
|
0 |
|a Education.
|9 45680
|
| 852 |
|
|
|a Ayesha Abed Library
|c BIED Collection
|
| 942 |
|
|
|2 ddc
|c BK
|
| 952 |
|
|
|0 0
|1 0
|2 ddc
|4 0
|6 371_100230000000000_PRO
|7 0
|9 69755
|a BRACUL
|b BRACUL
|c GEN
|d 2022-02-10
|e Complimentary copy from BIED
|l 0
|o 371.10023 PRO
|p 3010037669
|r 2022-02-10
|t 1
|w 2022-02-10
|y BK
|x Transferred from BIED to General Stacks
|